| 000 | 00540nam a2200217Ia 4500 | ||
|---|---|---|---|
| 003 | OSt | ||
| 005 | 20140428095919.0 | ||
| 008 | 140130s9999 xx 000 0 und d | ||
| 020 | _a0590404296 | ||
| 050 |
_aPZ 7 _b.C9219 1987 |
||
| 100 |
_aRey, Margaret _931162 |
||
| 245 |
_aCurious George visits the zoo / _cRey, Margaret |
||
| 260 |
_bScholastic, _c1987. _aNew York : |
||
| 300 |
_a30 p. : _bcol. ill. ; _c18 cm. |
||
| 440 |
_v1 _931163 |
||
| 521 | _aG3 | ||
| 526 | _c530 | ||
| 942 |
_cBK _2lcc |
||
| 999 |
_c40599 _d40599 |
||